La profecía del Apocalipsis y los tiempos actuales / (Record no. 138435)

MARC details
000 -LEADER
campo de control de longitud fija 00531nam a2200157 4500
001 - NÚMERO DE CONTROL
campo de control 138435
003 - IDENTIFICADOR DE NÚMERO DE CONTROL
campo de control ES-MaACL
007 - CAMPO FIJO DE DESCRIPCIÓN FÍSICA--INFORMACIÓN GENERAL
campo de control de longitud fija t|
008 - DATOS DE LONGITUD FIJA--INFORMACIÓN GENERAL
campo de control de longitud fija 070214s1929 sp r ||||1| spa d
100 0# - ENTRADA PRINCIPAL--NOMBRE DE PERSONA
Nombre de persona Sangrán y González, Joaquín de,
Títulos y otros términos asociados al nombre Marqués de los Ríos
9 (RLIN) 103142
245 13 - MENCIÓN DEL TÍTULO
Título La profecía del Apocalipsis y los tiempos actuales /
Mención de responsabilidad, etc. Joaquín Sangrán y González, Marqués de los Ríos.
260 ## - PUBLICACIÓN, DISTRIBUCIÓN, ETC.
Lugar de publicación, distribución, etc. Madrid :
Nombre del editor, distribuidor, etc. Voluntad,
Fecha de publicación, distribución, etc. 1929.
300 ## - DESCRIPCIÓN FÍSICA
Extensión 226 p. ;
Dimensiones 19 x 13 cm.
852 ## - LOCALIZACIÓN
Ubicación ES-MaACL
Número de control de estantería B-6271
Holdings
Estatus retirado Estado de pérdida Estado de daño No para préstamo Biblioteca de origen Biblioteca actual Ubicación en estantería Fecha de adquisición Fuente de adquisición Total de préstamos Signatura topográfica completa Código de barras Visto por última vez Precio de reemplazo Tipo de ítem Koha
        Biblioteca del Ateneo de Madrid Biblioteca del Ateneo de Madrid Sala Pardo Bazán 17/01/2008     B-6271 1144049 23/02/2023 23/02/2023 Libro impreso